00328nam a2200133 a 45000010010000000030011000100080041000210350026000620820013000881000012001012450027001132600037001406500017001770000-8648ELIB.Books110520 1982  a(ELIB.Books)0000-8794 a30 bAlm aAlmanac aThe World Almanac 1982 bNew Jersey: World Almanac c1982 aWorld Almanc